000 00340nam a2200145Ia 4500
008 150201s2010 xx 000 0 und d
082 _a617.603
_bP2010L
100 _aLUXMI CHAND
245 _aPOCKET DENTAL DICTIONARY
250 _a3RD
260 _bAITBS
_aDELHI
_c2010
300 _a1-553
650 _aDICTIONARIES
942 _2ddc
_cBK
_07
999 _c4542
_d4542